000 00309nam a22001457a 4500
008 210526b ||||| |||| 00| 0 eng d
020 _a9781572597914
041 _aeng
080 _26th
_a159.9
082 _a159.9
100 _a48
101 _aPSI
245 _aPsychology
_cMyers,D.G
942 _2udc
_cBK
999 _c57634
_d57634